000 00759cam a22001814a 4500
020 _a9780773449800
020 _a0773449809
050 0 0 _aR 726.2
_b.V48 2008
100 1 _aVezzoni, Cristiano,
_d1972-
245 1 0 _aAdvance treatment directives and autonomy for incompetent patients :
_ban international comparative survey of law and practice, with special attention to the Netherlands /
_cCristiano Vezzoni ; with a foreword by John Griffiths.
260 _aLewiston :
_bEdwin Mellen Press,
_cc2008.
300 _axi, 250 p. :
650 0 _vCross-cultural studies.
650 0 _xLaw and legislation
_vCross-cultural studies.
650 2 2 _xlegislation & jurisprudence
856 4 1 _uhttp://www.loc.gov/catdir/toc/ecip0823/2008028675.html
942 _2lcc
_cGEN
999 _c14380
_d14380